Prerušené dielo. /Kubáni, Ľudovít/

Bibliographic Details
Main Author: -ík- (Author)
Format: Article
Language:Slovak
Subjects:

MARC

LEADER 00000nab a2200000 a 4500
001 vtls000069316
003 SK-MaSNL
005 20260305021232.0
008 111103c1980 xo 0 slo
015 |a SNBRB19rr/mm-uuuuu 
035 |a CL0079416 
040 |a SNKBUCL  |b slo  |c SNKBUCL  |e AACR2 
041 0 |a slo 
044 |a xo  |c SK 
080 |a 82:929:885.4  |2 1981 
080 |a 885.4  |2 1981 
080 |a 92 Kubáni, Ľudovít  |2 1981 
100 1 |a -ík-  |4 aut  |9 842718 
245 1 0 |a Prerušené dielo. /Kubáni, Ľudovít/  |c -ík- 
600 1 7 |a Kubáni, Ľudovít,  |d 1830-1869  |2 snkbucl  |9 264259 
655 7 |a články z novín a časopisov  |2 snkbucl  |9 267496 
655 7 |a články z odboru literárna veda a krásna literatúra  |2 snkbucl  |9 770045 
773 0 |t Ľud  |g Roč. 33, č. 243 (14. 10. 1980), s. 5 
850 |a Slovenská národná knižnica v Martine  |a MTA001 
852 |a SNK  |b KIS3GCP 
958 |a RK 
958 |a LX 
992 |a RBX 
999 |c 3284530  |d 3286460